00863cam a22002531 450000100060000000300080000600500170001400800410003103500190007204000270009104100080011808200210012610000510014724500950019825000120029326000350030530000300034050400200037065000270039074000220041794200120043999900170045195201410046814308BD-RjUL20211208235615.0140205s1960 nyua 001 0 eng d a(BD-RjUL)14360 aDLCcDLCdBD-RjULbeng aeng00a611.8bRAP 19601 aRasmussen, Andrew Theodore,d1883-1955.94467114aThe principal nervous pathways :bneurological charts and schemas, with explanatory notes. a4th ed. aNew York :bMacmillan,c1960. a73 p. :billus. ;c29 cm. aincludes index. 0aNervous system.9446720 aNervous pathways. 2ddccBK c14308d14308 00102ddc40718NFICaRUCLbRUCLcReadingd1963-06-24ezeitheringg41.00l0o611.8 RAP 1960r2014-02-05 00:00:00tC-1w2014-02-05yBK